000 00220nam a22000857a 4500
008 160711b xxu||||| |||| 00| 0 eng d
100 _92573
_a Singh, L., et al
245 _aChemistry - IX
260 _aNew Delhi
_b S.Chand
_c1993
999 _c2239
_d2239